中华人民共和国各省省会 Provincial Capitals of People's Republic of China - Statistics

General Stats
  • This quiz has been taken 56 times
    45 since last reset
  • The average score is 60 of 67
Answer Stats
行政区 时间 行政中心 % Correct
河北省 1968- 石家庄
100%
山西省 1949- 太原
100%
绥远省 1949-1954 归绥
100%
内蒙古自治区 1954- 呼和浩特
100%
辽宁省 1954- 沈阳
100%
松江省 1949-1953 哈尔滨
100%
黑龙江省 1954- 哈尔滨
100%
江苏省 1952- 南京
100%
浙江省 1949- 杭州
100%
皖南行署区 1951-1952 合肥
100%
皖北行署区 1949-1952 合肥
100%
安徽省 1952- 合肥
100%
福建省 1949- 福州
100%
山东省 1949- 济南
100%
河南省 1954- 郑州
100%
湖北省 1949- 武汉
100%
湖南省 1949- 长沙
100%
广东省 1949- 广州
100%
广西省 1950-1958 南宁
100%
广西僮族自治区 1958-1965 南宁
100%
广西壮族自治区 1965- 南宁
100%
川西行署区 1950-1952 成都
100%
四川省 1949-1950 成都
100%
四川省 1952- 成都
100%
云南省 1949- 昆明
100%
西藏地方 1951-1965 拉萨
100%
西藏自治区 1965- 拉萨
100%
陕西省 1949- 西安
100%
甘肃省 1949- 兰州
100%
青海省 1949- 西宁
100%
新疆省 1949-1955 乌鲁木齐
100%
新疆维吾尔自治区 1955- 乌鲁木齐
100%
河北省 1949-1958 保定
97%
河北省 1966-1968 保定
97%
吉林省 1954- 长春
97%
江西省 1949- 南昌
97%
河南省 1949-1954 开封
97%
广西省 1949-1950 桂林
97%
海南省 1988- 海口
97%
贵州省 1949- 贵阳
97%
宁夏省 1949-1954 银川
97%
宁夏回族自治区 1958- 银川
97%
吉林省 1949-1954 吉林
93%
苏南行署区 1949-1952 无锡
93%
察哈尔省 1949-1952 张家口
90%
内蒙古自治区 1949-1954 张家口
90%
黑龙江省 1949-1954 齐齐哈尔
90%
陕北行署区 1949-1950 延安
90%
台湾省 1949- 台北
90%
热河省 1949-1955 承德
87%
辽东省 1949-1954 安东
87%
陕南行署区 1949-1951 南郑
87%
苏北行署区 1950-1952 扬州
83%
川东行署区 1950-1951 重庆
83%
昌都地区 1950-1956 昌都
77%
河北省 1958-1966 天津
73%
辽西省 1949-1954 锦州
70%
松江省 1953-1954 牡丹江
70%
西康省 1950-1955 雅安
70%
平原省 1949-1952 新乡
67%
苏北行署区 1949-1950 泰州
67%
皖南行署区 1949 屯溪
67%
皖南行署区 1949-1951 芜湖
63%
川南行署区 1950-1952 泸州
63%
川北行署区 1950-1952 南充
53%
陕南行署区 1949 郧阳
20%
川东行署区 1951-1952 北碚
17%
No matching quizzes found
Score Distribution
Percent of People with Each Score
Percentile by Number Answered
Your Score History
You have not taken this quiz since the last reset